000 00665nam a22002177a 4500
999 _c18380
_d18380
003 AR-CdUCM
008 190513b ||||| |||| 00| 0 spa d
040 _aMUNICIPALIDAD PROVINCIAL DEL CUSCO
_cBIBLIOTECA MUNICIPAL DEL CUSCO
082 _a751.4 /
_bM83
100 _aMorreel, Louis
_938928
245 _aPinte y barnice usted mismo /
260 _aMadrid :
_bEspasa-Calpe,
_c1965.
300 _a64 paginas ;
_c18 cm.
500 _aManual para hacerse arreglos para mujeres
650 _aPinte
_938929
650 _aBarcis
_938930
650 _aBelleza
_92629
700 _aSanchez Fernando, Moreno
_938931
942 _2ddc
_cLIBROS
945 _apjha
_d2019-05-13